000 00701nam a2200205Ii 4500
003 JO-AjNU
008 230605s9999||||xx |||||||||||||| ||und||
017 _a1988/142
040 _aJO-AjNU
_bara
_erda
_cJO-AjNU
041 _aara
050 1 4 _aN5370.L4612 1988
100 3 _aلويد، سيتن تأليف/ درويش ،محمد مترجم,
_eauthor
_99820
245 0 0 _aفن الشرق الأدنى القديم
264 3 1 _aبغداد: دار المأمون للترجمة والنشر،1988
300 _a269ص
336 _atext
_btxt
_2rdacontent
337 _aunmediated
_bn
_2rdamedia
338 _avolume
_bnc
_2rdacarrier
650 4 _aالفن- التاريخ-الفن القديم
_99821
999 _aA1494
_c5062
_d5062